[Event "94th Tradewise Hastings Congress"]
[Site "Hastings"]
[Date "2019.01.01"]
[Round "5"]
[White "Heinsohn, Michael"]
[Black "Rolvag, Mikael"]
[Result "0-1"]
[WhiteElo "1961"]
[BlackElo "2107"]
[Annotator "TA"]
[PlyCount "76"]
[EventDate "2018.12.28"]
[EventType "swiss"]
[EventCountry "ENG"]
[SourceTitle "playchess.com"]
[Source "ChessBase"]
[SourceQuality "1"]

{[%evp 16,76,37,-27,42,31,34,0,10,18,8,-24,-20,-25,-6,-70,-79,-95,-94,-90,-76,-128,-128,-176,-173,-162,-131,-181,-156,-223,-208,-217,-216,-217,-217,-230,-225,-230,-233,-229,-233,-226,-197,-226,-188,-360,-196,-252,-257,-287,-270,-402,-422,-410,-410,-431,-418,-479,-479,-473,-450,-435,-427]} 1. d4 Nf6 2. c4 e6 3. g3 d5 4. Nf3 dxc4 5. Bg2 Be7 6. O-O O-O 7. Qc2 a6 8. a4 Nc6 9. Rd1 {LiveBook: 6 Games. E05: Open Catalan: 5 Nf3 Be7} (9. Qxc4 $14 Qd5 10. Qd3) (9. Qxc4 Qd5 10. Nbd2 Rd8 11. e3 Qh5 12. Ne1 e5 13. dxe5 Ng4 14. Ndf3 Be6 15. Qc2 Bf5 16. Qb3 Be4 17. h3 Ngxe5 18. g4 Qg6 19. a5 {1-0 (35) Mareco,S (2606)-Zhigalko,A (2591) Baku 2016}) 9... Rb8 (9... b5 $11) 10. Qxc4 $14 Qd5 $146 ({Predecessor:} 10... Bd7 11. Bg5 b5 12. axb5 axb5 13. Qb3 Nd5 14. Bxe7 Qxe7 15. Nbd2 Nf6 16. Qc2 Rfc8 17. Nb3 {½-½ (44) Kovacevic,B (2490)-Bajlo,K (2105) Zagreb 2016}) 11. Ne5 {White is slightly better.} Qxc4 12. Nxc4 Rd8 13. Bxc6 bxc6 {[%cal Bb7c6,Bc6c5,Bc5c4][%mdl 32]} 14. Nc3 c5 $36 {[%mdl 2048] Black fights for an advantage.} 15. Bf4 (15. dxc5 $11 Rxd1+ 16. Nxd1) 15... Rxd4 $15 16. Ne5 {Threatens to win with Nc6.} Bb7 17. Be3 Rdd8 18. Nd3 {[#]} ({Better is} 18. Rxd8+ Rxd8 19. Rc1) 18... Nd7 $1 $17 19. f3 c4 20. Nf2 Nc5 21. a5 Bc6 22. Bf4 (22. Bxc5 $17 {was necessary.} Bxc5 23. Kg2) 22... Bd6 23. Nce4 Nxe4 24. Nxe4 Bxe4 25. fxe4 e5 ({Resist} 25... Rxb2 26. Rac1) 26. Be3 Rxb2 27. Kf2 Rdb8 28. Rac1 R2b4 29. Rd5 {If only White now had time for Bc5....} R4b5 30. Rxb5 $2 {[#]} (30. Bd2) 30... Rxb5 (30... axb5 $142 31. a6 Ra8) 31. Rxc4 (31. Bd2 {is a better defense.}) 31... Rxa5 $19 {[%mdl 4096] Endgame KRB-KRB} 32. Rc6 Kf8 33. Bb6 (33. Bd2 $142 Ra2 34. Ke3) 33... cxb6 34. Rxd6 Rb5 35. Rd7 a5 36. Ra7 h5 {Black is clearly winning.} 37. Ke3 Rb4 38. Kd3 g6 {Accuracy: White = 16%, Black = 60%.} 0-1

[Event "94th Tradewise Hastings Congress"]
[Site "Hastings"]
[Date "2019.01.01"]
[Round "5"]
[White "Larsen, Andreas"]
[Black "Willson, Ollie"]
[Result "1/2-1/2"]
[WhiteElo "1933"]
[BlackElo "2081"]
[Annotator "NA RC"]
[PlyCount "95"]
[EventDate "2018.12.28"]
[EventType "swiss"]
[EventCountry "ENG"]
[SourceTitle "playchess.com"]
[Source "ChessBase"]
[SourceQuality "1"]
[TimeControl "40/6000+30:3000+30"]

{[%evp 22,95,-5,32767,32767,-26,410,32767,32767,91,547,32767,32767,-27,32767,-5,0,-158,-168,-165,-149,-191,-200,-211,0,-395,32767,32767,32767,-404,0,0,0,0,66,39,18,70,51,55,145,134,324,432,381,496,514,427,495,196,185,201,302,0,202,278,246,297,328,212,224,0,0,0,8,8,314,0,0,0,0,0,0,0,0,0]} 1. e4 {[%emt 0:00:00]} c5 {[%emt 0:00:00]} 2. b4 {[%emt 0:01:19]} cxb4 {[%emt 0:00:47]} 3. a3 {[%emt 0:01:01]} e6 {[%emt 0:07:13]} 4. axb4 {[%emt 0:00:10]} Bxb4 {[%emt 0:00:04]} 5. c3 {[%emt 0:00:25]} Be7 {[%emt 0:00:05]} 6. d4 {[%emt 0:01:51]} Nf6 {[%emt 0:02:15]} 7. Bd3 {[%emt 0:01:15]} Nc6 {[%emt 0:09:20]} 8. Nf3 {[%emt 0:14:34]} d6 {[%emt 0:01:40]} 9. Na3 {[%emt 0:03:36] B20: Sicilian: Unusual White 2nd moves} (9. O-O e5 10. Nbd2 O-O 11. h3 b6 12. Re1 Bb7 13. Nc4 Re8 14. Ne3 Bf8 15. Nf5 exd4 16. cxd4 Nb4 {1-0 (34) Dimitrov,P (2304)-Spasov,V (2581) Sunny Beach 2012}) 9... O-O {[%emt 0:03:57]} 10. Nc4 $146 {[%emt 0:08:34]} ({Predecessor:} 10. O-O e5 11. d5 Na5 12. c4 b6 13. c5 bxc5 14. Bd2 c4 15. Bxa5 Qxa5 16. Nxc4 Qd8 {0-1 (35) Bezgodova,S (2253)-Ivakhinova,I (2216) Obninsk 2007}) 10... d5 {[%emt 0:02:01]} 11. Ncd2 {[%emt 0:01:53]} Ne8 {[%emt 0:34:54]} (11... dxe4 $17 12. Nxe4 Nd5) 12. h4 {[%emt 0:11:13]} dxe4 {[%emt 0:07:25]} 13. Nxe4 {[%emt 0:07:12]} Nf6 $2 {[%emt 0:11:00]} (13... h6 $15) 14. Nxf6+ {[%emt 0:05:36]} gxf6 {[%emt 0:00:53] [#]} 15. Bh6 $2 {[%emt 0:08:03]} (15. Ng5 $1 $18 {[%mdl 512] and the rest is easy.} fxg5 16. hxg5) 15... Re8 $2 {[%emt 0:07:26]} (15... f5 $16) 16. Nh2 {[%emt 0:15:58]} f5 {[%emt 0:00:57]} 17. Nf3 {[%emt 0:09:02]} Bf6 {[%emt 0:01:37]} 18. Ng5 {[%emt 0:05:32]} e5 {[%emt 0:05:39]} 19. Bc4 $2 {[%emt 0:01:03]} (19. Qh5 $11 Bxg5 20. Bxg5 exd4+ {[%mdl 64] Discovered Attack} 21. Kf1) 19... exd4+ {[%emt 0:00:17]} 20. Kf1 {[%emt 0:00:05]} Be6 {[%emt 0:02:00]} ({Not} 20... dxc3 $2 21. Qh5 $18) 21. Bxe6 {[%emt 0:02:30]} fxe6 {[%emt 0:00:03]} 22. Rh3 {[%emt 0:00:20] [#]} Ne5 $2 {[%emt 0:02:14]} (22... Re7 $1 $19 23. Rg3 Kh8 24. cxd4 Qxd4 25. Qxd4 Nxd4) 23. Nxh7 $2 {[%emt 0:00:44]} (23. Rg3 $1 $11 {and White has nothing to worry.} Ng4 24. Rxg4 fxg4 25. Qxg4) 23... Kxh7 {[%emt 0:02:27]} 24. Qh5 {[%emt 0:00:13]} Ng4 {[%emt 0:00:51]} 25. Rg3 {[%emt 0:02:55] [#]} Qd7 $2 {[%emt 0:02:18]} ({Better is} 25... Rh8 $1 $19 26. f3 Qe8 27. fxg4 Be5) 26. Rxg4 {[%emt 0:01:33]} fxg4 {[%emt 0:00:56]} 27. Bg5+ {[%emt 0:00:15]} Kg8 {[%emt 0:00:17]} (27... Kg7 $11 28. Qh6+ {[%mdl 64] Double Attack} Kg8 29. Bxf6 Qh7 30. Qg5+ {[%mdl 64] Double Attack} Kf7 31. Bxd4 e5 32. Bxe5 Qg6 33. Qf4+ Kg8) 28. Bxf6 {[%emt 0:00:12]} Qh7 {[%emt 0:01:00]} 29. Qxg4+ {[%emt 0:00:24]} Kf7 $1 {[%emt 0:00:06]} 30. Bxd4 {[%emt 0:00:39]} Qd3+ {[%emt 0:01:41]} (30... Re7 $14) 31. Kg1 {[%emt 0:00:16]} Rg8 $2 {[%emt 0:02:04]} (31... e5 $16) 32. Qh5+ {[%emt 0:00:14]} Qg6 {[%emt 0:00:55]} 33. Qf3+ {[%emt 0:00:04] Double Attack} Qf5 {[%emt 0:00:28]} 34. Qxb7+ {[%emt 0:00:13] Double Attack} Kg6 {[%emt 0:00:29]} 35. Rxa7 $2 {[%emt 0:00:31]} (35. Ra6 Kh6 36. Be3+ (36. Bxa7 Rad8 $18) 36... Kh5 {[#]} 37. Rxe6 $1 {[%mdl 512]}) 35... Rxa7 {[%emt 0:00:24]} 36. Qxa7 {[%emt 0:00:05]} Kh5 {[%emt 0:01:22] [#]} (36... e5 {keeps fighting.}) 37. Qe7 $2 {[%emt 0:00:37]} (37. f3 $1 $18) 37... Qb1+ $2 {[%emt 0:00:49]} (37... Rxg2+ $1 $11 38. Kxg2 Qg4+ 39. Kf1 Qd1+ 40. Kg2 Qg4+ 41. Kh1 Qh3+ 42. Kg1 Qg4+ 43. Kh2 Qf4+ 44. Kh1 Qf3+ 45. Kg1 Qg4+ 46. Kf1 Qd1+ 47. Kg2 Qg4+) 38. Kh2 {[%emt 0:00:09]} Qf5 {[%emt 0:00:29]} 39. g3 {[%emt 0:00:36]} Kg4 {[%emt 0:00:28]} 40. Be3 {[%emt 0:00:46]} Rb8 {[%emt 0:00:35]} 41. Qg5+ $2 {[%emt 0:53:35]} ({White should play} 41. c4 $18) 41... Qxg5 {[%emt 0:50:14]} 42. Bxg5 {[%emt 0:00:25]} Kf3 {[%emt 0:00:00]} 43. Be3 {[%emt 0:00:00]} Rc8 $2 {[%emt 0:00:00] [#]} (43... e5 $11) 44. h5 $2 {[%emt 0:00:00]} (44. Kh3 $1 $18) 44... Kg4 $1 {[%emt 0:00:00]} 45. h6 {[%emt 0:00:00]} e5 $1 {[%emt 0:00:00]} 46. Bd2 {[%emt 0:00:00]} Rd8 {[%emt 0:00:00]} 47. Be3 {[%emt 0:00:00]} Rc8 {[%emt 0:00:00]} 48. Bd2 $11 {[%emt 0:00:00]} 1/2-1/2

[Event "94th Tradewise Hastings Congress"]
[Site "Hastings"]
[Date "2019.01.01"]
[Round "5"]
[White "Fowler, David"]
[Black "Spiegel, Stefan"]
[Result "0-1"]
[WhiteElo "1929"]
[BlackElo "2124"]
[Annotator "TA"]
[PlyCount "130"]
[EventDate "2018.12.28"]
[EventType "swiss"]
[EventCountry "ENG"]
[SourceTitle "playchess.com"]
[Source "ChessBase"]
[SourceQuality "1"]

{[%evp 29,130,22,30,7,0,0,20,12,4,-267,-276,-447,-427,-444,-383,-470,-446,-487,-477,-506,-508,-495,-474,-452,-426,-555,-386,-418,-425,-414,-365,-463,-387,-466,-368,-372,-266,-270,-275,-282,-255,-334,-356,-354,-314,-403,-404,-396,-389,-387,-396,-366,-309,-304,-396,-437,-444,-437,-378,-444,-444,-444,-444,-444,-437,-420,-344,-399,-399,-398,-325,-298,-288,-272,-260,-239,-220,-205,-180,-172,-194,-2212,-1939,-1679,-1364,-29978,-29979,-29979,-29980,-29980,-29981,-29982,-29983,-29983,-29982,-29982,-29982,-29982,-29983,-12845,-12839,-29986,-29987]} 1. e4 {[%cal Be2e4,Be4e5][%mdl 32]} Nf6 2. e5 Nd5 3. c4 Nb6 4. d4 d6 5. exd6 cxd6 6. Nc3 g6 7. Be3 Bg7 8. Rc1 O-O 9. b3 e5 10. dxe5 dxe5 11. Qxd8 Rxd8 12. c5 N6d7 13. Nf3 Nc6 14. Bc4 Na5 {B03: Alekhine's Defence: Four Pawns Attack} (14... h6 15. Nb5 e4 16. Nd2 Nde5 17. Nxe4 Nb4 18. O-O Nxa2 19. Rcd1 Bg4 20. f3 Nxc4 21. bxc4 Bd7 22. Nc7 {1-0 (41) Nguyen,T (2441)-Moussard,J (2573) Karlsruhe 2017}) 15. Be2 b6 {LiveBook: 30 Games} 16. b4 Nc6 {The position is equal.} 17. b5 Nd4 18. c6 Nc5 19. Nxd4 $146 {[%mdl 8192]} (19. O-O $11) ({Predecessor:} 19. O-O a6 20. Rfd1 Be6 21. Ng5 axb5 22. Bxd4 exd4 23. Nxe6 fxe6 24. Nxb5 {½-½ (42) Mamonovas,V (2224)-Nagel,H (2180) ICCF email 2012}) 19... exd4 $19 20. Rd1 $2 (20. Bg5 {keeps fighting.} f6 21. Bf4) 20... Bf5 21. Bg5 f6 22. c7 Rd7 ({Weaker is} 22... fxg5 23. Bc4+ Kf8 24. cxd8=B $15) 23. Bf4 dxc3 24. Bc4+ Kh8 25. Rxd7 Re8+ ({But not} 25... Bxd7 26. Kd1 $19) 26. Kd1 Bxd7 27. Kc2 g5 28. Be3 Rc8 29. Bxc5 {[#] Hoping for Bd6.} bxc5 30. a4 Rxc7 31. a5 Rb7 32. Rd1 Bf5+ 33. Kxc3 {Black must now prevent Rd8+.} Bd7 34. a6 Rc7 35. Rd6 f5+ 36. Kc2 Be5 37. Rd5 Bd4 38. Rd6 Kg7 39. b6 axb6 40. Rxb6 Bc6 ({And not} 40... Bxf2 41. Rb7 $16) 41. Rxc6 Rxc6 42. a7 Rc8 43. Bd5 Bxf2 44. a8=Q Rxa8 45. Bxa8 {[%mdl 4096] Endgame KB-KB} g4 46. Bc6 Kf6 47. Bd7 Bg1 48. h3 gxh3 49. gxh3 Ke5 50. Kd3 f4 51. Bg4 Kf6 52. Ke4 Be3 53. Be2 Kg5 54. Kf3 h6 55. Kg2 $2 (55. Bd3) 55... Kf5 56. Kf3 Ke5 57. Bd1 Kd4 58. Ke2 Kc3 59. Ba4 c4 {[%cal Bc5c4,Bc4c3][%mdl 32]} 60. Bd1 Kb2 61. Ba4 Kc1 62. Bb5 c3 63. Ba4 Kb2 64. Kd3 Bb6 65. Bd1 {[#]} f3 $1 {Accuracy: White = 30%, Black = 95%.} 0-1

[Event "94th Tradewise Hastings Congress"]
[Site "Hastings"]
[Date "2019.01.01"]
[Round "5"]
[White "Faulks, Nick"]
[Black "Miller, Dominic"]
[Result "0-1"]
[WhiteElo "1917"]
[BlackElo "2061"]
[Annotator "NA RC"]
[PlyCount "46"]
[EventDate "2018.12.28"]
[EventType "swiss"]
[EventCountry "ENG"]
[SourceTitle "playchess.com"]
[Source "ChessBase"]
[SourceQuality "1"]
[TimeControl "40/6000+30:3000+30"]

1. e4 {[%emt 0:00:00]} e6 {[%emt 0:00:00]} 2. d4 {[%emt 0:00:00]} d5 {[%emt 0:00:00]} 3. Nc3 {[%emt 0:00:00]} Bb4 {[%emt 0:00:00]} 4. e5 {[%emt 0:00:11]} Ne7 {[%emt 0:01:10]} 5. a3 {[%emt 0:00:21]} Bxc3+ {[%emt 0:00:07]} 6. bxc3 {[%emt 0:00:04]} c5 {[%emt 0:00:04]} 7. h4 {[%emt 0:00:44]} Qa5 {[%emt 0:00:27]} 8. Bd2 {[%emt 0:01:09]} Qa4 {[%emt 0:00:06]} 9. h5 {[%emt 0:06:14] C18: French: 3 Nc3 Bb4: Main line: 7 h4 and 7 Qg4} b6 {[%emt 0:01:00]} 10. h6 {[%emt 0:12:31]} gxh6 {[%emt 0:03:06]} 11. Nf3 {[%emt 0:00:44]} Ba6 {[%emt 0:00:22]} 12. Bxa6 {[%emt 0:01:56]} Nxa6 {[%emt 0:03:40]} 13. Rxh6 $146 {[%emt 0:06:19]} ({Predecessor:} 13. Bxh6 cxd4 14. Nxd4 Rc8 15. Qf3 Nc5 16. Bg7 Rg8 17. Rxh7 {1-0 (33) Smirin,I (2644)-Berg,E (2549) Minsk 2014}) 13... cxd4 {[%emt 0:21:26]} 14. Nxd4 {[%emt 0:10:49]} Nf5 {[%emt 0:18:04]} (14... Nc5 $11 {keeps the balance.}) 15. Nxf5 {[%emt 0:16:41]} exf5 {[%emt 0:00:06]} 16. Bg5 {[%emt 0:01:18]} Qe4+ {[%emt 0:04:32]} 17. Kf1 {[%emt 0:01:08]} Nc7 $2 {[%emt 0:08:09] [#]} ({But not} 17... Rg8 $2 18. Qh5 $18) (17... Qc4+ $16 {was necessary.} 18. Kg1 Nc5) 18. Rh4 $1 {[%emt 0:02:56]} Qxe5 {[%emt 0:02:26]} 19. Bf4 $2 {[%emt 0:07:09]} (19. Qd3 $18 {is more deadly.} O-O 20. Bf4) 19... Qe7 {[%emt 0:02:37]} 20. Qh5 {[%emt 0:07:00]} O-O-O {[%emt 0:00:20]} 21. Re1 {[%emt 0:02:31]} Ne6 {[%emt 0:00:44]} 22. Be5 {[%emt 0:05:42]} ({White should play} 22. Bg3 $16) 22... Rhg8 $14 {[%emt 0:11:34]} 23. Qe2 {[%emt 0:08:09]} Qxh4 {[%emt 0:00:52]} 0-1

[Event "94th Tradewise Hastings Congress"]
[Site "Hastings"]
[Date "2019.01.01"]
[Round "5"]
[White "Chapman, Matt"]
[Black "Pitschka, Claus"]
[Result "0-1"]
[WhiteElo "1902"]
[BlackElo "2241"]
[Annotator "TA"]
[PlyCount "56"]
[EventDate "2018.12.28"]
[EventType "swiss"]
[EventCountry "ENG"]
[SourceTitle "playchess.com"]
[Source "ChessBase"]
[SourceQuality "1"]

{[%evp 12,56,31,19,27,-191,-194,-187,-193,-242,-229,-247,-254,-312,-282,-244,-167,-173,-154,-188,-185,-195,-174,-196,-189,-208,-218,-217,-68,-64,-44,-353,-364,-377,-353,-448,-450,-457,-455,-448,-450,-439,-443,-441,-441,-523,-513]} 1. e4 Nf6 2. e5 Nd5 3. d4 d6 4. Nf3 Bg4 5. Be2 c6 6. Ng5 Bf5 7. Bg4 {LiveBook: 12 Games} Qc8 {B05: Alekhine's Defence: 4 Nf3 Bg4} 8. Qf3 $146 {[#]} (8. h3 $11 {and White has nothing to worry.}) ({Predecessor:} 8. e6 fxe6 9. Bh5+ g6 10. Bf3 h6 11. Ne4 e5 12. dxe5 dxe5 13. Ng3 Be6 14. O-O Bg7 15. Qd3 {½-½ (48) Alvir,A (2399)-Fahrner,K (2328) Frohnleiten 2000}) 8... Bxg4 $19 9. Qxf7+ Kd8 {Black is clearly better.} 10. h3 Bf5 11. exd6 h6 12. Qh5 g6 ({Less strong is} 12... hxg5 13. Qxh8 Qe6+ 14. Kf1 $17) (12... exd6 13. Nf7+ Kc7 14. Nxh8 $17) 13. Qh4 {With the idea Nf7+.} Ke8 {White must now prevent ...Bg7.} ({Much less strong is} 13... exd6 14. Nf7+ Kc7 15. Nxh8) 14. O-O Bg7 15. Nf3 exd6 16. c4 Nf6 17. Nc3 Kf7 18. Qg3 Qd7 19. c5 Ne4 (19... Re8 $19 {...Be4 is the strong threat.} 20. Qxd6 Nd5 21. Ne5+ Bxe5 22. dxe5 Qxd6 23. cxd6 Rxe5 24. Bxh6 Nxc3 25. bxc3 Nd7) 20. Nxe4 $15 Bxe4 21. Qf4+ $2 {[%mdl 8192] [#]} (21. cxd6 $15 Qf5 22. Ne5+ Bxe5 23. dxe5) 21... Qf5 $19 22. Qxd6 Bxf3 23. gxf3 Na6 {Black is clearly winning.} 24. Re1 {White hopes to continue with Re7+.} Rhe8 25. Bd2 Qxh3 ({Don't do} 25... Rad8 26. Qf4 $19) 26. d5 Rad8 27. Qf4+ Qf5 28. Qxf5+ gxf5 {Accuracy: White = 27%, Black = 81%.} 0-1

[Event "94th Tradewise Hastings Congress"]
[Site "Hastings"]
[Date "2019.01.01"]
[Round "5"]
[White "Graham, Cassie M"]
[Black "Ratnesan, Ranesh"]
[Result "1/2-1/2"]
[WhiteElo "1889"]
[BlackElo "2055"]
[Annotator "NA RC"]
[PlyCount "90"]
[EventDate "2018.12.28"]
[EventType "swiss"]
[EventCountry "ENG"]
[SourceTitle "playchess.com"]
[Source "ChessBase"]
[SourceQuality "1"]
[TimeControl "40/6000+30:3000+30"]

{[%evp 38,85,7,0,10,5,0,0,0,-54,-41,-68,-47,-36,-30,-2,32767,32767,-22,0,0,0,26,21,33,12,17,0,0,-22,6,-59,50,0,0,0,37,44,50,26,12,20,14,8,43,28,70,100,175,212]} 1. e4 {[%emt 0:00:00]} c5 {[%emt 0:00:00]} 2. Nc3 {[%emt 0:00:00]} Nc6 {[%emt 0:00:00]} 3. f4 {[%emt 0:00:00]} g6 {[%emt 0:00:00]} 4. Nf3 {[%emt 0:00:00]} Bg7 {[%emt 0:00:05]} 5. Bc4 {[%emt 0:00:00]} e6 {[%emt 0:00:24]} 6. f5 {[%emt 0:00:00]} Nge7 {[%emt 0:00:39]} 7. fxe6 {[%emt 0:00:02]} dxe6 {[%emt 0:00:07]} 8. d3 {[%emt 0:00:05]} O-O {[%emt 0:00:11]} 9. O-O {[%emt 0:00:04]} Na5 {[%emt 0:00:47]} 10. Qe1 {[%emt 0:02:18]} Nxc4 {[%emt 0:01:59]} 11. dxc4 {[%emt 0:00:04]} Nc6 {[%emt 0:06:03] B23: Closed Sicilian: Lines without g3} 12. Bg5 {[%emt 0:08:27]} f6 {[%emt 0:04:16]} 13. Be3 {[%emt 0:01:06]} b6 {[%emt 0:01:51]} 14. Rd1 {[%emt 0:01:11]} Qe7 {[%emt 0:05:05]} 15. Qg3 $146 {[%emt 0:05:17]} ({Predecessor:} 15. Bf4 Rd8 16. Rxd8+ Qxd8 17. Qf2 Ba6 {½-½ (73) Kind,B (2170)-Wessendorf,T (2225) Germany 2015}) 15... Bb7 {[%emt 0:05:08]} 16. Bf4 {[%emt 0:11:07]} e5 {[%emt 0:10:39]} 17. Nd5 {[%emt 0:00:55]} Qf7 {[%emt 0:00:54]} 18. Bd2 {[%emt 0:14:44]} Rad8 {[%emt 0:07:58]} 19. Qh4 {[%emt 0:09:03]} Qe6 {[%emt 0:03:59]} 20. b3 {[%emt 0:03:46]} Rd7 {[%emt 0:02:55]} 21. Rde1 {[%emt 0:15:21]} Nd8 {[%emt 0:02:31]} 22. Bc3 {[%emt 0:02:25]} Nf7 {[%emt 0:04:15]} 23. Qg3 {[%emt 0:01:24] [#]} b5 $1 {[%emt 0:13:07]} 24. h4 {[%emt 0:10:59]} bxc4 {[%emt 0:02:21]} (24... Nd6 $5 {[%cal Rb5c4]} 25. Nd2 Rdf7 $17) 25. bxc4 {[%emt 0:00:04]} Ba6 {[%emt 0:05:34]} 26. Nd2 {[%emt 0:02:06]} Nd6 {[%emt 0:02:19]} 27. h5 {[%emt 0:00:58]} Nxc4 {[%emt 0:05:12]} 28. Nb3 $1 {[%emt 0:00:29]} Qc6 {[%emt 0:08:53]} 29. hxg6 {[%emt 0:00:12]} hxg6 {[%emt 0:00:36]} 30. Qxg6 {[%emt 0:00:50]} Nb6 $1 {[%emt 0:01:20]} 31. Nxb6 {[%emt 0:03:07]} Qxb6 {[%emt 0:01:56]} 32. Ba5 {[%emt 0:04:28]} Qb5 {[%emt 0:01:20]} 33. c4 {[%emt 0:04:53]} Qc6 {[%emt 0:00:44]} 34. Rc1 {[%emt 0:00:24]} (34. Rf3 $11) 34... Rd3 {[%emt 0:01:29]} ({Better is} 34... Rd6 $15 35. Qg4 Bc8) 35. Rf3 {[%emt 0:01:29]} Rxf3 {[%emt 0:04:25]} 36. gxf3 {[%emt 0:00:05]} Qa4 {[%emt 0:03:04]} 37. Bd2 {[%emt 0:06:48]} Bxc4 {[%emt 0:03:11]} 38. Bh6 {[%emt 0:00:25]} Rf7 {[%emt 0:00:13]} 39. Nxc5 {[%emt 0:00:21]} Qb5 {[%emt 0:00:50]} 40. Nb3 {[%emt 0:00:29]} Kf8 {[%emt 0:03:01]} 41. Be3 {[%emt 0:53:04]} Rc7 {[%emt 0:09:49] [#]} 42. Qg2 $1 {[%emt 0:00:00]} a6 {[%emt 0:07:20]} (42... Kf7 $16 {keeps fighting.}) 43. Nd2 $18 {[%emt 0:00:00]} Rc6 {[%emt 0:03:36]} 44. Nxc4 {[%emt 0:00:00]} Rxc4 {[%emt 0:00:06]} 45. Rxc4 {[%emt 0:00:00]} Qxc4 {[%emt 0:00:14]} 1/2-1/2

[Event "94th Tradewise Hastings Congress"]
[Site "Hastings"]
[Date "2019.01.01"]
[Round "5"]
[White "Wilson, Matthew R"]
[Black "Barton, R Alan"]
[Result "1/2-1/2"]
[WhiteElo "1807"]
[BlackElo "2037"]
[Annotator "NA RC"]
[PlyCount "82"]
[EventDate "2018.12.28"]
[EventType "swiss"]
[EventCountry "ENG"]
[SourceTitle "playchess.com"]
[Source "ChessBase"]
[SourceQuality "1"]
[TimeControl "40/6000+30:3000+30"]

{[%evp 32,82,41,13,87,32767,32767,32767,32767,32767,89,88,108,75,81,58,95,6,15,5,0,20,0,0,0,0,32767,32767,32767,0,32767,-14,-9,-31,-21,-4,-24,-35,-33,-35,-17,-9,62,0,0,0,0,0,0,0,0,0,0]} 1. e4 {[%emt 0:00:00]} d5 {[%emt 0:00:23]} 2. exd5 {[%emt 0:00:00]} Qxd5 {[%emt 0:00:09]} 3. Nc3 {[%emt 0:00:00]} Qa5 {[%emt 0:00:53]} 4. Bc4 {[%emt 0:00:58]} c6 {[%emt 0:02:39]} 5. d3 {[%emt 0:00:50]} Nf6 {[%emt 0:02:08]} 6. Bd2 {[%emt 0:00:57]} Qc7 {[%emt 0:01:25]} 7. Nf3 {[%emt 0:03:46]} Bg4 {[%emt 0:02:24] B01: Scandinavian Defence} 8. h3 {[%emt 0:00:27]} Bxf3 {[%emt 0:00:29]} 9. Qxf3 {[%emt 0:00:32]} e6 {[%emt 0:00:07]} 10. O-O {[%emt 0:04:34]} Nbd7 {[%emt 0:01:04]} 11. d4 {[%emt 0:12:20]} Bd6 {[%emt 0:03:05]} (11... Be7 12. Rfe1 O-O 13. Rad1 Rad8 14. Bf4 Qb6 15. Bb3 {1-0 (42) Mortensen,E (2450)-Schwarz,M (2485) Germany 2009}) 12. Rfe1 {[%emt 0:05:52]} O-O {[%emt 0:01:03]} 13. Ne4 {[%emt 0:06:57]} Nxe4 {[%emt 0:02:07]} 14. Qxe4 $146 {[%emt 0:01:01]} ({Predecessor:} 14. Rxe4) 14... Nf6 {[%emt 0:01:20]} 15. Qh4 {[%emt 0:06:48]} Rfe8 {[%emt 0:08:54]} 16. Bd3 {[%emt 0:06:50]} Qd8 {[%emt 0:05:06]} 17. Bg5 {[%emt 0:06:10]} Be7 {[%emt 0:01:55]} (17... h6 $11 {remains equal.} 18. Bxf6 Qxf6 19. Qxf6 gxf6) 18. Bxf6 {[%emt 0:07:19]} Bxf6 {[%emt 0:00:05]} 19. Qh5 {[%emt 0:00:23]} Kf8 {[%emt 0:00:06]} 20. Qxh7 {[%emt 0:01:15]} Qa5 {[%emt 0:09:00]} (20... Qxd4 $11 {keeps the balance.} 21. c3 Qd5) 21. c3 {[%emt 0:06:45]} Rac8 {[%emt 0:08:51]} 22. Qe4 Rcd8 {[%emt 0:00:00]} 23. Bc2 {[%emt 0:08:22]} Rd6 {[%emt 0:00:00]} 24. f4 {[%emt 0:04:53]} (24. b4 $16 Qa3 25. Qf3) 24... c5 {[%emt 0:05:06]} 25. dxc5 {[%emt 0:06:38]} Qxc5+ {[%emt 0:00:04]} 26. Kh1 {[%emt 0:00:19]} Red8 {[%emt 0:08:40]} 27. Rad1 {[%emt 0:05:41]} Rxd1 {[%emt 0:06:35]} 28. Rxd1 {[%emt 0:00:28]} Rxd1+ {[%emt 0:00:28]} 29. Bxd1 {[%emt 0:00:01]} Qf2 {[%emt 0:01:01]} 30. Bf3 {[%emt 0:06:16]} g6 {[%emt 0:10:01]} 31. Qxb7 {[%emt 0:04:20]} Kg7 {[%emt 0:07:58]} 32. Qb5 {[%emt 0:01:53]} Qe3 {[%emt 0:04:16]} 33. Qc4 {[%emt 0:00:55]} Qe1+ {[%emt 0:02:05]} 34. Kh2 {[%emt 0:00:09]} Bh4 {[%emt 0:00:54]} 35. Qd4+ {[%emt 0:01:20]} Kh7 {[%emt 0:01:20]} (35... Kg8 $5 36. Qg1 $8 Qg3+ 37. Kh1 Qxf4 $11) 36. Qg1 {[%emt 0:00:18]} Qg3+ {[%emt 0:04:14]} (36... Bg3+ $11 37. Kh1 Qd2) 37. Kh1 {[%emt 0:00:03]} Qxf4 {[%emt 0:00:42]} 38. Qxa7 {[%emt 0:01:38]} Qc1+ {[%emt 0:02:38]} 39. Kh2 {[%emt 0:00:15]} Qf4+ {[%emt 0:00:49]} 40. Kh1 {[%emt 0:00:04]} Qc1+ {[%emt 0:01:19]} 41. Kh2 {[%emt 0:50:48]} Qf4+ $11 {[%emt 0:51:48]} 1/2-1/2